| 000 | 01248cam a22002775a 4500 | ||
|---|---|---|---|
| 001 | L159368 | ||
| 008 | 161219s2016 xxk f 000 0 eng d | ||
| 020 | _a9781315694 | ||
| 035 | _a(Sirsi) u159368 | ||
| 041 | 0 | _aeng | |
| 100 | 1 | _aAnker Jensen, Per | |
| 245 | 0 | 0 |
_aFacilties management and corporate real estate management as value drivers how to manage and measure adding value _h[electronic resource] |
| 250 | _a1st edition | ||
| 260 |
_aLondon _bRoutledge _c2016 |
||
| 520 | _aLooks at how facilities management and corporate real estate management add value to organisations. It presents state of the art of theoretical knowledge and empirical evidence about the impact of buildings and facilities on 12 value parameters and how to manage and measure these values. The findings are connected to a new Value Adding Management model. | ||
| 590 | _aKA | ||
| 650 | 2 | 4 | _aEBOOK |
| 650 | _aCORPORATE REAL ESTATE MANAGEMENT | ||
| 651 | 4 | _aInternational | |
| 690 |
_aCommercial property _96227 |
||
| 690 |
_aFacilities management _96240 |
||
| 690 |
_aProperty management _96262 |
||
| 700 | 1 | _aVan der Voordt, Theo | |
| 856 | 4 | 0 |
_uhttps://www.vlebooks.com/ _zView on VLEbooks. Logins for members only from [email protected] |
| 942 | _n0 | ||
| 999 |
_c115840 _d115840 |
||